kku e-library facility

Foundations of Physics (Record no. 219)

MARC details
000 -LEADER
fixed length control field 00362nam a2200121 4500
005 - DATE AND TIME OF LATEST TRANSACTION
control field 20260414094833.0
008 - FIXED-LENGTH DATA ELEMENTS--GENERAL INFORMATION
fixed length control field 260414b |||||||| |||| 00| 0 eng d
100 ## - MAIN ENTRY--PERSONAL NAME
Personal name Noakes G.R and Harris B.K
245 ## - TITLE STATEMENT
Title Foundations of Physics
Statement of responsibility, etc. G.R. Noakes and B.K Harris
260 ## - PUBLICATION, DISTRIBUTION, ETC.
Place of publication, distribution, etc. London;
Name of publisher, distributor, etc. Macmillan Education Ltd;
Date of publication, distribution, etc. 1969
300 ## - PHYSICAL DESCRIPTION
Extent xv,653p.ill
Dimensions 24.5cm
942 ## - ADDED ENTRY ELEMENTS (KOHA)
Source of classification or shelving scheme Library of Congress Classification
Suppress in OPAC No
Koha item type Books

No items available.

©2025 All rights reserved. KKU